Ottoman civilization / (Record no. 100152)
[ view plain ]
| 000 -LEADER | |
|---|---|
| fixed length control field | 00735cam a2200241 i 4500 |
| 001 - CONTROL NUMBER | |
| control field | 19988481 |
| 005 - DATE AND TIME OF LATEST TRANSACTION | |
| control field | 20171121102316.0 |
| 008 - FIXED-LENGTH DATA ELEMENTS--GENERAL INFORMATION | |
| fixed length control field | 170912s2009 tu a b 001 0 eng |
| 020 ## - INTERNATIONAL STANDARD BOOK NUMBER | |
| International Standard Book Number | 9751730176 |
| 020 ## - INTERNATIONAL STANDARD BOOK NUMBER | |
| International Standard Book Number | 9751730724 v.1 |
| 020 ## - INTERNATIONAL STANDARD BOOK NUMBER | |
| International Standard Book Number | 9751730732 v.2 |
| 040 ## - CATALOGING SOURCE | |
| Transcribing agency | PK-LaUMT |
| 082 ## - DEWEY DECIMAL CLASSIFICATION NUMBER | |
| Classification number | TRC 956.1015 |
| Item number | OTT- |
| 245 10 - TITLE STATEMENT | |
| Title | Ottoman civilization / |
| Statement of responsibility, etc | editors: Halil Inalcık, Günsel Renda ; translation: Ellen Yazar |
| 250 ## - EDITION STATEMENT | |
| Edition statement | 2nd ed. |
| 260 ## - PUBLICATION, DISTRIBUTION, ETC. (IMPRINT) | |
| Place of publication, distribution, etc | Turkey : |
| Name of publisher, distributor, etc | Ministry of Culture and Tourism, |
| Date of publication, distribution, etc | 2004 |
| 300 ## - PHYSICAL DESCRIPTION | |
| Extent | 2 volumes (1166 p.) : |
| Other physical details | color illustrations (739) ; |
| Dimensions | 30 cm |
| 700 1# - ADDED ENTRY--PERSONAL NAME | |
| Personal name | İnalcık, Halil, |
| 700 1# - ADDED ENTRY--PERSONAL NAME | |
| Personal name | Renda, Günsel. |
| 700 1# - ADDED ENTRY--PERSONAL NAME | |
| Personal name | Yazar, Ellen. |
| 700 1# - ADDED ENTRY--PERSONAL NAME | |
| Personal name | Işın, Priscilla Mary. |
| 942 ## - ADDED ENTRY ELEMENTS (KOHA) | |
| Koha item type | Turkish Collection |
| Withdrawn status | Lost status | Damaged status | Home library | Current library | Date acquired | Full call number | Barcode | Date last seen | Copy number | Price effective from | Koha item type |
|---|---|---|---|---|---|---|---|---|---|---|---|
| UMT Main Campus | UMT Main Campus | 2017-11-21 | TRC 956.1015 OTT- | 116001 | 2019-07-23 | V.1 | 2017-11-21 | Turkish Collection | |||
| UMT Main Campus | UMT Main Campus | 2017-11-21 | TRC 956.1015 OTT- | 116002 | 2017-11-21 | V.2 | 2017-11-21 | Turkish Collection |
